书目信息 |
| 题名: |
中国传统工艺全集
|
|
| 作者: | 路甬祥 总主编 ;乔十光 主编 | |
| 分册: | 漆艺 | |
| 出版信息: | 郑州 大象出版社 2004 |
|
| 页数: | 322页 | |
| 开本: | 30cm | |
| 丛书名: | ||
| 单 册: | ||
| 中图分类: | TS959.3 , J509.2 | |
| 科图分类: | ||
| 主题词: | 手工艺--工艺美术史--中国 , 手工艺 , 工艺美术史 , 漆器--生产工艺 , 漆器 , 工艺美术--艺术理论 | |
| 电子资源: | ||
| ISBN: | 7-5347-2500-3 | |
| 000 | 00973nam0 2200301 450 | |
| 001 | 002825622 | |
| 005 | 20070806174856.95 | |
| 010 | @a7-5347-2500-3@b精装@dCNY338.00 | |
| 100 | @a20050316d2004 em y0chiy0110 ea | |
| 101 | 0 | @achi@deng@eeng |
| 102 | @aCN@b410000 | |
| 105 | @aa z 001yy | |
| 200 | 1 | @a中国传统工艺全集@9zhong guo chuan tong gong yi quan ji@i漆艺@f路甬祥总主编@g乔十光主编 |
| 210 | @a郑州@c大象出版社@d2004 | |
| 215 | @a322页@c照片,图@d30cm | |
| 330 | @a本书介绍了中国漆艺简史、天然生漆、漆艺辅助材料、漆艺工具、底胎技法、现代漆器产地、世界各地漆艺等内容。 | |
| 606 | 0 | @a手工艺@x工艺美术史@y中国 |
| 606 | 0 | @a手工艺 |
| 606 | 0 | @a工艺美术史 |
| 606 | 0 | @a漆器@x生产工艺 |
| 606 | 0 | @a漆器 |
| 606 | 0 | @a工艺美术@x艺术理论 |
| 690 | @aTS959.3@v4 | |
| 690 | @aJ509.2@v4 | |
| 701 | 0 | @a路甬祥@9lu yong xiang@f(1942~)@4总主编 |
| 702 | 0 | @a乔十光@9qiao shi guang@f(1937~)@4主编 |
| 801 | 0 | @aCN@bNLC@c20070806 |
| 905 | @a10447@dJ509.2@e279 | |
| 中国传统工艺全集.漆艺/路甬祥总主编/乔十光主编.-郑州:大象出版社,2004 |
| 322页:照片,图;30cm |
| ISBN 7-5347-2500-3(精装):CNY338.00 |
| 本书介绍了中国漆艺简史、天然生漆、漆艺辅助材料、漆艺工具、底胎技法、现代漆器产地、世界各地漆艺等内容。 |
| ● |
| 相关链接 |
|
|
|
|
正题名:中国传统工艺全集
索取号:J509.2/279
 
预约/预借
| 序号 | 登录号 | 条形码 | 馆藏地/架位号 | 状态 | 备注 |
| 1 | 0804343 | 208043437 | 第一样本阅览室/ [索取号:J509.2/279] | 在馆 |